Η σύμβασις ναυλώσεως : από απόψεως δικαίου και πρακτικής

Saved in:
Bibliographic Details
Main Author: Παγουλάτος, Μενέλαος
Format: Book
Language:Greek
Published: Αθήνα : Εμμ. Ν. Σταυριδάκης, [19--;]
Edition:2η έκδ., αναθ. και συμπλ.
Subjects:
Tags: Add Tag
No Tags, Be the first to tag this record!

MARC

LEADER 00000nam a2200000 i 4500
001 1/100763
008 000202s gre d
035 |l 10057407 
040 |a GR-MY-UA  |b gre  |e aacr 
041 0 |a gre 
082 0 |a 343.0968 
100 1 |a Παγουλάτος, Μενέλαος. 
245 1 2 |a Η σύμβασις ναυλώσεως :  |b από απόψεως δικαίου και πρακτικής /  |c Μενελάου Παγουλάτου 
250 |a 2η έκδ., αναθ. και συμπλ. 
260 |a Αθήνα :   |b Εμμ. Ν. Σταυριδάκης,   |c [19--;] 
300 |a 198 σ. 
504 |a Περιλαμβάνει ευρετήριο και βιβλιογραφία 
650 0 0 |a Maritime law. 
650 0 0 |a Charter-parties. 
852 |a INST  |b CHIOS  |e 20000202  |h 343.0968 ΠΑΓ  |p 005200019039  |q 005200019039  |t BK  |y 0 
901 |a BIBL2-2000-1 
909 |a Χ  |b 072514 
922 |a 2ΕΛΗ  |b 199912  |c ΤΔΕ  |d ΠΑΠΑΣΩΤΗΡΙΟΥ 
950 |a 112-1999-11-19 
970 |a ΣΑΛΑΜΟΥΡΑ  |b ΜΑΡΙΑ  |z 2000/02/08